A Day at Qumran : the Dead Sea Sect and Its Scrolls = יום בקומראן: כת ים המלח ומגילותיה /
Enregistré dans:
| Auteur principal: | |
|---|---|
| Format: | Livre |
| Langue: | anglais |
| Publié: |
Jerusalén, Israel :
Israel Museum,
1997, c1997
|
| Tags: |
Pas de tags, Soyez le premier à ajouter un tag!
|
MARC
| LEADER | 00000nam^a2200000^a^4500 | ||
|---|---|---|---|
| 001 | 000579127 | ||
| 005 | 20250526000000.0 | ||
| 009 | 20260310132523.986 | ||
| 020 | |a 965-278-206-8 | ||
| 037 | |a Acervo Xavier Clavigero | ||
| 041 | |a ING | ||
| 091 | |a FIP. 01399 | ||
| 100 | |a Roitman, Adolfo |e (edición) | ||
| 245 | 1 | 2 | |a A Day at Qumran : |b the Dead Sea Sect and Its Scrolls = יום בקומראן: כת ים המלח ומגילותיה / |
| 264 | 4 | |a Jerusalén, Israel : |b Israel Museum, |c 1997, c1997 | |
| 300 | |a 70, 70 p. ; |c 27.0 cm. | ||
| 336 | |a texto |b txt |2 rdacontenido | ||
| 337 | |a sin mediación |b n |2 rdamedio | ||
| 338 | |a volumen |b nc |2 rdasoporte | ||
| 649 | |a XX | ||
| 910 | |a Fondo Manuel Ignacio Pérez Alonso S.J. | ||
| 920 | |a Impresos - Libros | ||
| 930 | |a Libros Antiguos y Raros | ||
| 905 | |a 108 | ||
| 901 | |a 0500409036 |b IT2 |c LRA |i D |u 20250526 | ||
| 902 | |a https://opac.biblio.iteso.mx/vufind/Record/000579127 | ||